Weiter zum Inhalt

Хронический необструктивный бронхит. Хроническая обструктивная болезнь легких. Бронхиальная астма учебное пособие Ч. 2 Хронический необструктивный бронхит. Хроническая обструктивная болезнь легких. Бронхиальная астма : учебное пособие для внеаудиторной самостоятельной работы обучающихся

Учебное пособие составлено на основании рабочей программы дисциплины «Факультетская терапия» для обучающихся по специальности 31.05.01 Лечебное дело в соответствии с ФГОС ВО 3++ с учетом профессионального стандарта, а также рабочей программы дисциплины «Факультетская терапия» для обучающихся по спец...

Ausführliche Beschreibung

Gespeichert in:
Bibliographische Detailangaben
1. Verfasser: Мирсаева Г. Х.
Weitere Verfasser: Мавзютова Г. А., Фазлыева Р. М., Макеева Г. К., Камаева Э. Р., Аминева Л. Х., Андрианова О. Л., Амирова Г. Ф.
Format: Книга
Sprache:Russian
Veröffentlicht: Уфа БГМУ 2021
Ausgabe:2-е изд., перераб. и доп.
Online Zugang:https://e.lanbook.com/book/320609
https://e.lanbook.com/img/cover/book/320609.jpg
Tags: Tag hinzufügen
Keine Tags, Fügen Sie den ersten Tag hinzu!
LEADER 04141nam0a2200361 i 4500
001 320609
003 RuSpLAN
005 20240216150941.0
008 240216s2021 ru gs 000 0 rus
040 |a RuSpLAN 
041 0 |a rus 
044 |a ru 
080 |a 616. 1/. 4 (07) 
084 |a 54.1 я 73  |2 rubbk 
245 1 |a Хронический необструктивный бронхит. Хроническая обструктивная болезнь легких. Бронхиальная астма  |b учебное пособие  |c Мирсаева Г. Х.,Мавзютова Г. А.,Фазлыева Р. М.,Макеева Г. К.,Камаева Э. Р.,Аминева Л. Х.,Андрианова О. Л.,Амирова Г. Ф.   |n Ч. 2  |p Хронический необструктивный бронхит. Хроническая обструктивная болезнь легких. Бронхиальная астма : учебное пособие для внеаудиторной самостоятельной работы обучающихся 
250 |a 2-е изд., перераб. и доп. 
260 |a Уфа  |b БГМУ  |c 2021 
300 |a 134 с. 
504 |a Библиогр.: доступна в карточке книги, на сайте ЭБС Лань 
520 8 |a Учебное пособие составлено на основании рабочей программы дисциплины «Факультетская терапия» для обучающихся по специальности 31.05.01 Лечебное дело в соответствии с ФГОС ВО 3++ с учетом профессионального стандарта, а также рабочей программы дисциплины «Факультетская терапия» для обучающихся по специальности 31.05.02 Педиатрия в соответствии с ФГОС ВО 3++ с учетом профессионального стандарта, согласно учебным планам ООП ВО по указанным специальностям, современным международным и российским клиническим рекомендациям последнего пересмотра. В части II представлен учебный материал по темам «Хронический необструктивный бронхит. Хроническая обструктивная болезнь легких. Бронхиальная астма». По каждой теме изложены современные научные данные по этиологии, патогенезе, классификации, клинике, методах диагностики, лечения и профилактики заболеваний, способствующие формированию у обучающихся общепрофессиональных компетенций ОПК-4, ОПК-5, ОПК-7 и профессиональных компетенций ПК-5, ПК-6, ПК-8, ПК-10, ПК-11. Для самоконтроля обучающимися сформированности компетенций предложены тестовые задания и ситуационные задачи с эталонами ответов, составленные авторами по учебному материалу с учетом индикаторов достижения компетенций. 
521 8 |a Книга из коллекции БГМУ - Медицина 
521 8 |a СЭБ 
100 1 |a Мирсаева Г. Х. 
700 1 |a Мавзютова Г. А. 
700 1 |a Фазлыева Р. М. 
700 1 |a Макеева Г. К. 
700 1 |a Камаева Э. Р. 
700 1 |a Аминева Л. Х. 
700 1 |a Андрианова О. Л. 
700 1 |a Амирова Г. Ф. 
856 4 |u https://e.lanbook.com/book/320609 
856 4 8 |u https://e.lanbook.com/img/cover/book/320609.jpg 
953 |a https://e.lanbook.com/img/cover/book/320609.jpg 
Cannot write session to /tmp/vufind_sessions/sess_t5v8buvfivcn8vsv7vvldj1t69